Modality právnej úpravy verejných dražieb (vo svetle reformy záložného práva)

Bibliographic Details
Main Author: Števček, Marek, 1976- (Author)
Format: Article
Language:Slovak
ISSN:1335-6674
Subjects:

MARC

LEADER 00000nab a2200000 a 4500
001 vtls008888844
003 SK-MaSNL
005 20260304140151.0
008 250505c2001 xo mr|p|||||||000 b|slo
015 |a SNBRB2006/12 
035 |a (uuid)ab3aa3fb-dec9-4239-a7d7-db1225e3cc71 
035 |a urn:nbn:sk:snk-ab2zmi 
035 |a (urnnbn)urn:nbn:sk:snk:ar-a049sy 
038 |a SNKBUCL 
040 |a SNKBUCL  |b slo  |c SNKBUCL  |e AACR2 
041 0 |a slo 
044 |a xo  |c SK 
080 |a 347.27  |2 1997 
080 |a 658.849.7  |2 1997 
100 1 |a Števček, Marek,  |d 1976-  |4 aut  |9 235234 
245 1 0 |a Modality právnej úpravy verejných dražieb (vo svetle reformy záložného práva)  |c Marek Števček 
650 0 7 |a záložné právo  |2 snkbucl  |9 30140 
650 0 7 |a verejné dražby  |2 snkbucl  |9 4608 
773 0 |t Obchodné právo  |g Roč. II., č. 11 (2001), s. 34-37  |x 1335-6674 
850 |a Slovenská národná knižnica 
852 |a Slovenská národná knižnica 
954 |a odborná, vedecká literatúra pôvodná (slovenská)  |2 lita 
958 |a article2022 
958 |a SK 
958 |a OND 
958 |a EUIPO 
999 |c 2913951  |d 2915881